[Event "FIDE Grand Swiss 2021"]
[Site "Riga"]
[Date "27.10.2021"]
[Round "1"]
[White "Sargissian, Gabriel"]
[Black "Praggnanandhaa, R"]
[Result "1/2-1/2"]
[WhiteElo "2664"]
[BlackElo "2618"]
[EventDate "2021"]

1. d4 Nf6 2. c4 e6 3. Nc3 Bb4 4. e3 O-O 5. Bd3 d5 6. a3 Bxc3+ 7. bxc3 dxc4
8. Bxc4 c5 9. Ne2 Qc7 10. Ba2 b6 11. O-O Ba6 12. Bb2 Nc6 13. Rc1 Rfd8 14.
c4 cxd4 15. exd4 Na5 16. d5 Bxc4 17. Bxc4 Nxc4 18. Bxf6 gxf6 19. Ng3 exd5
20. Qg4+ Kh8 21. Rfe1 Rg8 22. Qd4 Qd8 23. Nf5 Ne5 24. Kh1 Rc8 25. Rxc8 Qxc8
26. Ne7 Qg4 27. Qxd5 Re8 28. Nc6 Qf4 29. f3 Rc8 30. Nxe5 Qxe5 31. Qd1 Qb2
32. Qd6 Qc3 33. Rd1 Re8 34. h4 Qe5 35. Qxe5 Rxe5 36. Rd7 Ra5 37. Rxf7 Rxa3
38. Rxf6 Kg7 39. Rc6 b5 40. Rc7+ Kg6 41. h5+ Kh6 42. Rc6+ Kg7 43. Rc7+ Kh6
44. Rc6+ 1/2-1/2

[Event "FIDE Grand Swiss 2021"]
[Site "Riga"]
[Date "27.10.2021"]
[Round "1"]
[White "Ganguly, Surya Shekhar"]
[Black "Sjugirov, Sanan"]
[Result "1/2-1/2"]
[WhiteElo "2617"]
[BlackElo "2663"]
[EventDate "2021"]

1. e4 e5 2. Nf3 Nc6 3. Bb5 a6 4. Ba4 Nf6 5. O-O b5 6. Bb3 Bb7 7. d3 Bc5 8.
Nc3 O-O 9. Nd5 Na5 10. Bg5 Bxd5 11. Bxd5 c6 12. Bb3 h6 13. Bh4 d6 14. Qd2
Bb6 15. Kh1 Qe7 16. Ng1 Nxb3 17. axb3 g5 18. Bxg5 hxg5 19. Qxg5+ Kh8 20.
Qh4+ Kg7 21. Qg5+ Kh8 22. Qh4+ Kg7 23. Qg5+ Kh8 1/2-1/2

[Event "FIDE Grand Swiss 2021"]
[Site "Riga"]
[Date "27.10.2021"]
[Round "1"]
[White "Grandelius, Nils"]
[Black "Indjic, Aleksandar"]
[Result "1/2-1/2"]
[WhiteElo "2662"]
[BlackElo "2612"]
[EventDate "2021"]

1. e4 e5 2. Nf3 Nf6 3. Nxe5 d6 4. Nf3 Nxe4 5. Nc3 Nxc3 6. dxc3 Be7 7. Bf4
Nc6 8. Qd2 Be6 9. O-O-O Qd7 10. Kb1 a6 11. Be2 O-O-O 12. Ng5 Bxg5 13. Bxg5
f6 14. Be3 h5 15. b3 Bg4 16. f3 Bf5 17. Rhe1 Rde8 18. Bf2 Qf7 19. Kb2 Qg6
20. Bf1 Re5 21. Bg3 Rxe1 22. Rxe1 Re8 23. Rxe8+ Qxe8 24. Qd5 Ne7 25. Qd2
Nc6 26. c4 h4 27. Qe1 Qg6 28. Bxh4 Bxc2 29. Qd2 Bf5 30. g4 Be6 31. Bg3 Qf7
32. h4 d5 33. cxd5 Bxd5 34. Qe3 a5 35. Bb5 Qd7 36. Be1 Bf7 37. Bc3 Qd6 38.
Bxc6 Qxc6 39. Bxa5 Bd5 40. f4 Bf3 41. g5 fxg5 42. fxg5 g6 1/2-1/2

[Event "FIDE Grand Swiss 2021"]
[Site "Riga"]
[Date "27.10.2021"]
[Round "1"]
[White "Sadhwani, Raunak"]
[Black "Cheparinov, Ivan"]
[Result "1/2-1/2"]
[WhiteElo "2609"]
[BlackElo "2659"]
[EventDate "2021"]

1. e4 e5 2. Nf3 Nc6 3. Bc4 Nf6 4. d3 Bc5 5. c3 d6 6. O-O O-O 7. Bg5 h6 8.
Bh4 a5 9. Re1 g5 10. Bg3 Ba7 11. Na3 g4 12. Bh4 Kg7 13. Nd2 Ne7 14. Bxf6+
Kxf6 15. d4 Ng6 16. Nf1 Kg7 17. Nc2 Qg5 18. Nce3 h5 19. Ng3 Ne7 20. Qd2 h4
21. Nef5+ Kf6 22. dxe5+ dxe5 23. Qxg5+ Kxg5 24. Nxe7 hxg3 25. hxg3 Be6 26.
b3 c6 27. Rad1 Rad8 28. Kf1 Bc5 29. Nf5 Bxf5 30. exf5 Kxf5 31. Bd3+ 1/2-1/2

[Event "FIDE Grand Swiss 2021"]
[Site "Riga"]
[Date "27.10.2021"]
[Round "1"]
[White "Ponkratov, Pavel"]
[Black "Zvjaginsev, Vadim"]
[Result "1-0"]
[WhiteElo "2659"]
[BlackElo "2609"]
[EventDate "2021"]

1. e4 e6 2. d4 d5 3. Nc3 Nf6 4. e5 Nfd7 5. f4 c5 6. Nf3 Nc6 7. Be3 cxd4 8.
Nxd4 Bc5 9. Qd2 a6 10. h4 O-O 11. O-O-O Nxd4 12. Bxd4 b5 13. h5 Bb7 14. Rh3
b4 15. Ne2 a5 16. Qe3 Rc8 17. Rg3 Kh8 18. f5 Ba6 19. Bxc5 Nxc5 20. Nd4 Bxf1
21. Rxf1 Qh4 22. Rh3 Qg4 23. h6 g6 24. fxg6 hxg6 25. Rg3 Qe4 26. Qg5 Nd7
27. Rg4 Qxe5 28. Qe7 Nc5 29. Nc6 Nd3+ 30. Kd2 Qxb2 31. Rd4 Rg8 32. Qf6+ Kh7
33. Qxf7+ Kh8 34. Qf6+ Kh7 35. Qe7+ Kh8 36. h7 Qc3+ 37. Ke2 Qxc2+ 38. Ke3
1-0

[Event "FIDE Grand Swiss 2021"]
[Site "Riga"]
[Date "27.10.2021"]
[Round "1"]
[White "Henriquez Villagra, Cristobal"]
[Black "Shirov, Alexei"]
[Result "1/2-1/2"]
[WhiteElo "2608"]
[BlackElo "2659"]
[EventDate "2021"]

1. d4 Nf6 2. Nf3 g6 3. Bf4 Bg7 4. e3 d6 5. Be2 Nh5 6. Bg5 h6 7. Bh4 g5 8.
Bg3 c5 9. c3 O-O 10. dxc5 Nxg3 11. hxg3 dxc5 12. Qc2 e5 13. Nbd2 Nc6 14.
Ne4 f5 15. Bc4+ Kh8 16. g4 Qe7 17. O-O-O fxg4 18. Nfxg5 Bf5 19. Rh5 Na5 20.
Be6 Bg6 21. Rdh1 g3 22. f3 Rad8 23. c4 b5 24. cxb5 c4 25. Qc3 Bxh5 26. Rxh5
Qc7 27. Qe1 Qb6 28. Kc2 Rde8 29. Nf7+ Rxf7 30. Bxf7 Rf8 31. Bd5 Qxb5 32.
Nc3 Qb6 33. Be4 Rb8 34. Nd1 Nc6 35. a3 Rd8 36. Rh1 Na5 37. Qb4 Nb3 38. Qxb6
axb6 39. Kc3 b5 40. Kb4 Rb8 41. Bd5 e4 42. Bxe4 Bf8+ 43. Kc3 Bg7+ 44. Kb4
Bf8+ 45. Kc3 Bg7+ 1/2-1/2

[Event "FIDE Grand Swiss 2021"]
[Site "Riga"]
[Date "27.10.2021"]
[Round "1"]
[White "Anton Guijarro, David"]
[Black "Ter-Sahakyan, Samvel"]
[Result "1/2-1/2"]
[WhiteElo "2658"]
[BlackElo "2607"]
[EventDate "2021"]

1. d4 Nf6 2. Nf3 d5 3. c4 e6 4. Nc3 Nbd7 5. cxd5 exd5 6. Bg5 c6 7. Qc2 h6
8. Bh4 Be7 9. e3 O-O 10. Bd3 Re8 11. O-O Ne4 12. Bxe4 Bxh4 13. Bh7+ Kh8 14.
Nxh4 Qxh4 15. Bd3 Qe7 16. Rab1 Nf6 17. b4 Qd6 18. h3 Bd7 19. Rfc1 Rac8 20.
a4 a6 21. Ne2 Ne4 22. Nf4 Qf6 23. Qb2 Nd6 24. b5 cxb5 25. axb5 Bxb5 26.
Nxd5 Qe6 27. Nf4 Qd7 28. Bxb5 Nxb5 29. Nd3 Kg8 30. Qb3 Rxc1+ 31. Rxc1 Rc8
32. Nc5 Qc6 33. Rb1 Rd8 34. Nd3 Rc8 35. Nc5 Rd8 36. Nd3 Rc8 37. Nc5 1/2-1/2

[Event "FIDE Grand Swiss 2021"]
[Site "Riga"]
[Date "27.10.2021"]
[Round "1"]
[White "Ivic, Velimir"]
[Black "Howell, David W L"]
[Result "0-1"]
[WhiteElo "2606"]
[BlackElo "2658"]
[EventDate "2021"]

1. e4 e5 2. Nf3 Nc6 3. Bb5 Nf6 4. d3 Bc5 5. Bxc6 dxc6 6. Nbd2 Bg4 7. h3 Bh5
8. g4 Bg6 9. Nb3 Bd6 10. Na5 Qc8 11. Bd2 Nd7 12. Nh4 Nc5 13. Nf5 Ne6 14.
Qf3 c5 15. Qg3 b5 16. c4 a6 17. O-O-O Qd7 18. Kb1 O-O-O 19. Be3 b4 20. f3
f6 21. Qf2 h5 22. h4 Bf8 23. Nb3 Qc6 24. g5 Bxf5 25. exf5 Nd4 26. Bxd4 exd4
27. Rhe1 fxg5 28. hxg5 Bd6 29. f4 Rdf8 30. f6 gxf6 31. g6 Rfg8 32. f5 h4
33. Na5 Qa8 34. Re4 h3 35. Qf3 Kb8 36. Rh1 h2 37. Kc2 Ka7 38. a3 bxa3 39.
bxa3 Rb8 40. Qg2 Rb6 41. Qf1 Qb8 42. Qa1 Rh5 43. Rf1 Qh8 44. Ree1 h1=Q 45.
Rxh1 Rh2+ 0-1

[Event "FIDE Grand Swiss 2021"]
[Site "Riga"]
[Date "27.10.2021"]
[Round "1"]
[White "Jumabayev, Rinat"]
[Black "Petrosyan, Manuel"]
[Result "0-1"]
[WhiteElo "2658"]
[BlackElo "2605"]
[EventDate "2021"]

1. d4 Nf6 2. c4 e6 3. g3 d5 4. Bg2 dxc4 5. Qa4+ Nbd7 6. Qxc4 c5 7. Nf3 a6
8. Qd3 cxd4 9. Nxd4 Nc5 10. Qe3 Nd5 11. Qd2 b5 12. Nc3 Bb7 13. Nxd5 Bxd5
14. Nc6 Qd7 15. Ne5 Qb7 16. Bxd5 exd5 17. O-O Be7 18. Rd1 O-O 19. Qc2 Rac8
20. Qf5 Ne6 21. Qf3 Rc2 22. Be3 Bf6 23. Rxd5 Bxe5 24. Rxe5 Qxf3 25. exf3
Rxb2 26. f4 Rc8 27. f5 Nf8 28. Rd5 h6 29. a3 Rb3 30. f6 Ne6 31. h4 gxf6 32.
Bxh6 Rc4 33. a4 bxa4 34. Ra5 Nc5 35. Be3 Rb5 36. Rxb5 axb5 37. h5 Ne4 38.
Rd1 a3 39. Rd8+ Kh7 40. Rd7 a2 41. Rxf7+ Kg8 42. Ra7 Ra4 43. Rxa4 bxa4 44.
Bd4 a3 45. Kf1 Nd2+ 46. Ke2 Nb3 47. Bxf6 a1=Q 48. Bxa1 Nxa1 0-1

[Event "FIDE Grand Swiss 2021"]
[Site "Riga"]
[Date "27.10.2021"]
[Round "1"]
[White "Adly, Ahmed"]
[Black "Rakhmanov, Aleksandr"]
[Result "1/2-1/2"]
[WhiteElo "2602"]
[BlackElo "2657"]
[EventDate "2021"]

1. d4 Nf6 2. Nf3 g6 3. g3 Bg7 4. Bg2 d5 5. c4 c6 6. O-O O-O 7. cxd5 cxd5 8.
Nc3 e6 9. Bf4 Nc6 10. Ne5 Nxe5 11. Bxe5 Bd7 12. Qb3 Bc6 13. a4 a5 14. Rfc1
Qe7 15. e3 Rfc8 16. Ne2 Bf8 17. Bxf6 Qxf6 18. Nf4 Bd6 19. Nd3 Qe7 20. Bf1
Be8 21. Ne1 f6 22. Bb5 Bf7 23. Bf1 Be8 24. Bb5 Bf7 25. Bf1 Kg7 26. Qb6 Rc7
27. Rxc7 Qxc7 28. Qxc7 Bxc7 29. Rc1 Bd6 30. Bb5 e5 31. Nd3 Rd8 32. Rc3 Be6
33. Nc5 Bxc5 34. Rxc5 Rc8 35. Rxc8 Bxc8 36. Be2 Bd7 37. Bd1 e4 38. Bb3 Bc6
39. Kg2 g5 40. g4 Kf7 41. h3 Ke6 42. f3 exf3+ 43. Kxf3 Kd6 44. Bc2 Be8 45.
Kg3 h6 46. Bd1 Bg6 47. Kf2 Ke6 48. Kg3 Be4 49. Kf2 Kd6 50. Ke1 Kc6 51. Kd2
Kd7 52. Ke1 Ke7 53. Kf2 Bd3 54. Ke1 b6 55. Kd2 Bg6 56. Ke1 Be8 1/2-1/2

[Event "FIDE Grand Swiss 2021"]
[Site "Riga"]
[Date "27.10.2021"]
[Round "1"]
[White "Cori, Jorge"]
[Black "Goryachkina, Aleksandra"]
[Result "1/2-1/2"]
[WhiteElo "2655"]
[BlackElo "2602"]
[EventDate "2021"]

1. d4 d5 2. c4 c6 3. Nf3 Nf6 4. Nc3 dxc4 5. a4 e6 6. e3 c5 7. Bxc4 cxd4 8.
Nxd4 Bc5 9. O-O O-O 10. Qe2 Nbd7 11. Rd1 Qe7 12. e4 Ne5 13. Bg5 b6 14. Nf3
Nxf3+ 15. Qxf3 h6 16. Bxf6 Qxf6 17. Qxf6 gxf6 18. a5 bxa5 19. Rxa5 Bb4 20.
Ra4 Bxc3 21. bxc3 Bb7 22. Ba6 Bxa6 23. Rxa6 Rfc8 24. Rc1 Rab8 25. Rxa7 Rxc3
26. Raa1 Rxc1+ 27. Rxc1 Rb5 28. f3 f5 29. exf5 Rxf5 30. Kf2 Kg7 31. h4 Ra5
1/2-1/2

[Event "FIDE Grand Swiss 2021"]
[Site "Riga"]
[Date "27.10.2021"]
[Round "1"]
[White "Bartel, Mateusz"]
[Black "Najer, Evgeniy"]
[Result "1/2-1/2"]
[WhiteElo "2597"]
[BlackElo "2654"]
[EventDate "2021"]

1. e4 c5 2. Nf3 Nc6 3. Nc3 g6 4. Bc4 Bg7 5. O-O d6 6. d3 e6 7. Be3 Nd4 8.
Bxd4 cxd4 9. Ne2 Qb6 10. a4 Ne7 11. a5 Qc5 12. Nexd4 Bxd4 13. b4 Qxb4 14.
Nxd4 O-O 15. Qb1 Qxb1 16. Rfxb1 Rd8 17. Nb5 Nc6 18. d4 Rb8 19. d5 exd5 20.
exd5 Ne5 21. Nxa7 Bf5 22. Bb3 Nd7 23. Nc6 bxc6 24. dxc6 Rbc8 25. cxd7 Rxd7
26. f3 Ra7 27. Bd5 Rc5 28. Rb8+ Kg7 29. Rb7 Raxa5 30. Rxf7+ Kh6 31. Rxa5
Rxa5 32. c4 Ra1+ 33. Kf2 Ra2+ 34. Kg3 Bd3 35. Rc7 g5 36. Rd7 Bf1 37. Rxd6+
Kg7 38. Kg4 Rxg2+ 39. Kf5 Bd3+ 40. Be4 Bxe4+ 41. fxe4 Rc2 42. Rd7+ Kh6 43.
e5 Rf2+ 44. Ke6 Rxh2 45. Rd4 Kg6 46. Kd7 Ra2 47. Rd6+ Kf5 48. e6 Ra7+ 49.
Ke8 Rc7 50. e7 Rxc4 51. Kf8 Re4 52. Rd5+ Kf6 53. Rd6+ Kf5 54. Rd5+ Kf6 55.
Rd6+ 1/2-1/2

[Event "FIDE Grand Swiss 2021"]
[Site "Riga"]
[Date "27.10.2021"]
[Round "1"]
[White "Oparin, Grigoriy"]
[Black "Sindarov, Javokhir"]
[Result "1/2-1/2"]
[WhiteElo "2654"]
[BlackElo "2587"]
[EventDate "2021"]

1. d4 Nf6 2. c4 g6 3. Nc3 d5 4. Bg5 Ne4 5. Bf4 Nxc3 6. bxc3 Bg7 7. e3 c5 8.
cxd5 Qxd5 9. Nf3 Nc6 10. Be2 cxd4 11. cxd4 Qa5+ 12. Qd2 O-O 13. Qxa5 Nxa5
14. Rc1 Bf5 15. Rc5 b6 16. Rc1 Be6 17. Ba6 Bxa2 18. Ke2 Bd5 19. Rc7 Rfe8
20. Rd1 Bf6 21. g4 e6 22. Ne5 g5 23. Bg3 Bd8 24. Rxf7 Nc6 25. Rd7 Nb4 26.
Bb5 Re7 27. Rb1 a5 28. f3 Rxd7 29. Bxd7 Be7 30. Be1 Ra7 31. e4 Bc4+ 32.
Nxc4 Rxd7 33. Bxb4 Bxb4 34. d5 Rc7 35. Nxb6 Rc2+ 36. Kd3 Rc3+ 37. Kd4 Kf7
38. Ke5 exd5 39. Nxd5 Rxf3 40. Nxb4 axb4 41. Rxb4 Rf2 42. h3 Rf3 43. Rb7+
Kg6 44. Rb6+ Kg7 45. Kd5 Rxh3 46. e5 h5 47. gxh5 Rxh5 48. e6 Rh1 49. Kd6
Kf6 50. Kd7 Re1 1/2-1/2

[Event "FIDE Grand Swiss 2021"]
[Site "Riga"]
[Date "27.10.2021"]
[Round "1"]
[White "Jobava, Baadur"]
[Black "Sevian, Samuel"]
[Result "1/2-1/2"]
[WhiteElo "2582"]
[BlackElo "2654"]
[EventDate "2021"]

1. c4 e5 2. d3 Nf6 3. Nf3 Nc6 4. Nc3 Bb4 5. e4 d6 6. Be2 a5 7. O-O Bg4 8.
Kh1 Bc5 9. Qe1 Nb4 10. Qd1 Nc6 11. Nd5 Bxf3 12. gxf3 Nd4 13. Rg1 Nxd5 14.
cxd5 g6 15. f4 c6 16. dxc6 bxc6 17. f5 Qb6 18. Bg4 Qb5 19. Rg2 Bb6 20. Be3
gxf5 21. Bxd4 fxg4 22. a4 Qa6 23. Bxb6 Qxb6 24. Qxg4 Qxb2 25. Rag1 Qb3 26.
f4 exf4 27. Qxf4 Qe6 28. d4 Kd7 29. Rg7 Rhf8 30. Rxh7 Rae8 31. Rg4 Rb8 32.
Rg1 Rbe8 33. Re1 Re7 34. Rh6 f6 35. d5 cxd5 36. Qf1 Ke8 37. Qb5+ Qd7 38.
Qxa5 dxe4 39. Qa8+ Qd8 40. Qd5 Qc7 41. Qa8+ Qd8 42. Qd5 Qc7 1/2-1/2

[Event "FIDE Grand Swiss 2021"]
[Site "Riga"]
[Date "27.10.2021"]
[Round "1"]
[White "Nihal, Sarin"]
[Black "Georgiev, Kiril"]
[Result "1-0"]
[WhiteElo "2652"]
[BlackElo "2577"]
[EventDate "2021"]

1. d4 d5 2. Nf3 Nf6 3. Bf4 c5 4. e3 Nc6 5. Nbd2 e6 6. c3 Bd6 7. Bg3 O-O 8.
Bd3 b6 9. e4 Be7 10. e5 Nh5 11. Ng5 Bxg5 12. Qxh5 g6 13. Qe2 Be7 14. Nf3
cxd4 15. Bb5 Qc7 16. cxd4 Nb4 17. O-O Bd7 18. Rac1 Bxb5 19. Qxb5 Qb7 20. a3
a6 21. Qe2 Nc6 22. h4 Rfc8 23. Bf4 Na5 24. Bg5 b5 25. Bf6 Bf8 26. h5 Rxc1
27. Rxc1 Rc8 28. Re1 Rc4 29. hxg6 fxg6 30. Ng5 Qd7 31. Qg4 Rc6 32. Re3 h5
33. Qe2 Qc8 34. Kh2 Rc1 35. Rh3 Nc6 36. Qd3 1-0

[Event "FIDE Grand Swiss 2021"]
[Site "Riga"]
[Date "27.10.2021"]
[Round "1"]
[White "Gretarsson, Hjorvar Steinn"]
[Black "Volokitin, Andrei"]
[Result "1/2-1/2"]
[WhiteElo "2577"]
[BlackElo "2652"]
[EventDate "2021"]

1. e4 c5 2. Nf3 e6 3. d4 cxd4 4. Nxd4 Nc6 5. Nc3 Qc7 6. f4 a6 7. Nxc6 bxc6
8. Bd3 d5 9. Qe2 Nf6 10. O-O Be7 11. Bd2 c5 12. b3 Bb7 13. Rae1 c4 14. bxc4
dxe4 15. Nxe4 Nxe4 16. Bxe4 Bxe4 17. Qxe4 Rc8 18. f5 Qxc4 19. fxe6 f6 20.
c3 Bc5+ 21. Kh1 Qxe4 22. Rxe4 Ke7 23. Bf4 Rhd8 24. Rb1 g5 25. Be3 Bxe3 26.
Rxe3 Rb8 27. Rf1 h6 28. Ref3 Rf8 29. a4 h5 30. h3 Rb6 31. Rf5 Rxe6 32. Rb1
Kf7 33. c4 Rd8 34. a5 Rde8 35. Rb6 Re1+ 36. Kh2 R8e6 37. Rc5 R6e2 38. Rf5
Re6 39. Rc5 Kg6 40. Rcc6 Rxc6 41. Rxc6 Rc1 42. Rxa6 Rxc4 43. Ra8 Kf5 44.
Rb8 Ra4 45. Rb5+ Kf4 46. Rb6 f5 47. a6 g4 48. hxg4 fxg4 49. Rf6+ Ke5
1/2-1/2

[Event "FIDE Grand Swiss 2021"]
[Site "Riga"]
[Date "27.10.2021"]
[Round "1"]
[White "Demchenko, Anton"]
[Black "Nguyen, Thai Dai Van"]
[Result "1/2-1/2"]
[WhiteElo "2651"]
[BlackElo "2577"]
[EventDate "2021"]

1. e4 e5 2. Nf3 Nf6 3. Nxe5 d6 4. Nf3 Nxe4 5. Bd3 d5 6. O-O Be7 7. Re1 O-O
8. Nc3 Nc5 9. Bf1 d4 10. Ne4 Nxe4 11. Rxe4 Bf6 12. d3 Bf5 13. Re1 Nc6 14.
Bf4 Qd7 15. Qd2 Rfe8 16. h3 h6 17. a3 a5 18. Bh2 Be6 19. Qf4 Rec8 20. Re2
a4 21. Rae1 Ra5 22. Qc1 Rb5 23. Bf4 Ra8 24. Nd2 Be7 25. Nc4 Bf8 26. Rd2 Rc5
27. Ne5 Nxe5 28. Bxe5 Rd5 29. Rdd1 Raa5 30. Bf4 Rab5 31. Re4 Rb6 32. Re5
Rxe5 33. Bxe5 c5 34. Re1 Qd5 35. c4 Qd7 36. Be2 Bf5 37. Bf4 Rb3 38. Bd1
Bxd3 39. Bxb3 axb3 40. Re5 f6 41. Rd5 Qe8 42. f3 Kh7 43. h4 Qe6 44. Rd8 Be7
45. Re8 b5 46. cxb5 Bxb5 47. Rb8 Bd3 48. a4 c4 49. Rb7 Bc2 50. Bd2 f5 51.
a5 Bxh4 52. Rb6 Qe2 53. Bxh6 Qf2+ 54. Kh1 Bd8 55. Bg5 Bxb6 56. axb6 c3 57.
b7 cxb2 58. Qxb2 Qe1+ 59. Kh2 Qb4 60. Bc1 Kg6 61. Kh3 d3 62. Qe5 Qxb7 63.
Qe6+ Kh7 64. Qxf5+ Kg8 65. Qe6+ Qf7 66. Qd6 Kh7 67. Kh2 Qf6 68. Qb4 b2 69.
Qe4+ g6 70. Qb7+ Qg7 71. Qxg7+ Kxg7 72. Bxb2+ Kf7 73. Bc3 Ke6 1/2-1/2

[Event "FIDE Grand Swiss 2021"]
[Site "Riga"]
[Date "27.10.2021"]
[Round "1"]
[White "Neiksans, Arturs"]
[Black "Sarana, Alexey"]
[Result "1-0"]
[WhiteElo "2570"]
[BlackElo "2649"]
[EventDate "2021"]

1. e4 c5 2. Nf3 d6 3. Bb5+ Nd7 4. c3 Nf6 5. Qe2 a6 6. Ba4 b5 7. Bc2 Bb7 8.
d4 e6 9. O-O Be7 10. Re1 Qc7 11. Bd3 e5 12. Nbd2 O-O 13. dxe5 Nxe5 14. Nxe5
dxe5 15. c4 b4 16. Nf1 Nd7 17. Ne3 Bg5 18. Nd5 Qd8 19. Bc2 Bc6 20. Bxg5
Qxg5 21. Qd1 Rfd8 22. Ba4 Bxa4 23. Qxa4 Nf8 24. a3 bxa3 25. Qxa3 Ne6 26.
Qg3 h6 27. Qxg5 hxg5 28. f3 Rdb8 29. Ra2 Rb7 30. Re2 Nd4 31. Rd2 a5 32. Kf1
f6 33. h3 Rb3 34. Rd1 Kh7 35. Rd2 Kh6 36. Rd1 Kh5 37. Rd2 Ra6 38. Nc7 Ra7
39. Nd5 Ne6 40. Rd1 Nf4 41. Kg1 Kh4 42. Kh2 Ne6 43. Rd2 Nd4 44. Rd1 Rab7
45. Rd2 Nc6 46. Nc3 Nd4 47. Nd5 Ra7 48. Rd1 Kh5 49. Kg1 Rab7 50. Rd2 Nc6
51. Kh2 Kh4 52. Nc3 R3b4 53. Nd5 Rxc4 54. g4 Rb3 55. Ra3 Rd4 56. Re2 Rbd3
57. Rxd3 Rxd3 58. Ne3 1-0

[Event "FIDE Grand Swiss 2021"]
[Site "Riga"]
[Date "27.10.2021"]
[Round "1"]
[White "Donchenko, Alexander"]
[Black "Bjerre, Jonas Buhl"]
[Result "1/2-1/2"]
[WhiteElo "2648"]
[BlackElo "2569"]
[EventDate "2021"]

1. e4 c5 2. Nf3 d6 3. d4 cxd4 4. Nxd4 Nf6 5. Nc3 a6 6. Bg5 Nbd7 7. Bc4 Qb6
8. Bb3 e6 9. Qd2 Be7 10. h4 Nc5 11. f3 Bd7 12. g4 Qc7 13. a3 b5 14. Ba2 Rb8
15. b4 Nb7 16. Nce2 Nd8 17. Be3 Nc6 18. O-O-O a5 19. g5 Nh5 20. Nxc6 Bxc6
21. Kb2 axb4 22. axb4 d5 23. exd5 Bxd5 24. Bxd5 exd5 25. Nc3 Rd8 26. Nxd5
Qe5+ 27. Kb3 O-O 28. Rhe1 Bxb4 29. Qxb4 Rxd5 30. Bc1 Rxd1 31. Rxe5 Rxc1 32.
Kb2 Rd1 33. Rxb5 g6 34. Rb8 Rdd8 35. Rxd8 Rxd8 36. Qe7 Rb8+ 37. Ka3 Ng7 38.
c4 Ne6 39. c5 Ra8+ 40. Kb4 Rb8+ 41. Ka5 Ra8+ 42. Kb5 Rb8+ 43. Ka5 Ra8+ 44.
Kb6 Rb8+ 45. Kc6 Rc8+ 46. Kd6 Nxc5 47. h5 gxh5 48. Ke5 h4 49. Kf6 Rc6+ 50.
Kf5 Rc8 51. Qe1 Ne6 52. Qxh4 Ng7+ 53. Kg4 Rc4+ 54. f4 1/2-1/2

[Event "FIDE Grand Swiss 2021"]
[Site "Riga"]
[Date "27.10.2021"]
[Round "1"]
[White "Meshkovs, Nikita"]
[Black "Swiercz, Dariusz"]
[Result "0-1"]
[WhiteElo "2550"]
[BlackElo "2647"]
[EventDate "2021"]

1. c4 Nf6 2. Nc3 e5 3. Nf3 Nc6 4. e4 Bb4 5. d3 d6 6. a3 Bc5 7. b4 Bb6 8.
Na4 Bg4 9. Be2 Bxf3 10. Bxf3 Bd4 11. Rb1 O-O 12. O-O Qe7 13. g3 a5 14. b5
Nd8 15. Bg2 Ne6 16. Be3 h5 17. Qd2 h4 18. Nc3 c6 19. Ne2 hxg3 20. hxg3 Bc5
21. a4 Bb4 22. Qd1 Rad8 23. Bd2 Ra8 24. Be3 Rfd8 25. Bb6 Rd7 26. d4 Qe8 27.
d5 cxd5 28. cxd5 Nc5 29. Bxc5 Bxc5 30. Qd3 Rdd8 31. Bh3 g6 32. Kg2 Kg7 33.
Nc1 Qe7 34. Nb3 Bb6 35. Rbc1 Rh8 36. Rh1 Rh6 37. Nd2 Rah8 38. Qe2 Bc5 39.
Nf3 Rh5 40. Rh2 Qd8 41. Rch1 Qb6 42. g4 R5h7 43. Ng5 Rh4 44. Kg3 Qd8 45.
Nf3 R4h6 46. Kg2 Nh7 47. Qd2 f6 48. Kg3 Ng5 49. Nxg5 fxg5 50. Bf1 Rh4 51.
f3 Qf6 52. Be2 Bb4 53. Qc1 Be1+ 54. Kg2 Rxg4+ 55. Kf1 Rxh2 56. Rxh2 Bh4 57.
Qe3 Rg3 58. Rg2 g4 59. Rxg3 Bxg3 60. Bd1 Bf4 61. Qb6 Kh6 62. Qg1 gxf3 63.
Qg4 Qe7 64. Bxf3 Kg7 65. Qc8 Be3 66. Ke2 Bc5 67. Qg4 Bd4 68. Qc8 Qh4 69.
Kd3 Qf4 70. Qd7+ Kh6 71. Qh3+ Kg5 72. Be2 b6 73. Bd1 Bc5 74. Qg2+ Kf6 75.
Qh3 Bb4 76. Qh8+ Kg5 77. Qd8+ Qf6 78. Qxb6 Qf1+ 79. Kc2 Qc4+ 80. Kb1 Qxe4+
81. Bc2 Qe1+ 82. Ka2 Bc5 83. Qd8+ Kf4 84. Qf6+ Ke3 85. Qxg6 Qc3 86. Qg5+
Ke2 87. Qg2+ Ke1 88. Qe4+ Kd2 89. Bb3 Qd3 90. Qg2+ Qe2 91. Qxe2+ Kxe2 92.
Bc2 Ke3 93. Bg6 Kd4 94. Bf7 Kc3 95. Bg6 Kc4 96. Bf7 Bb6 97. Kb2 Kb4 98. Be8
Kxa4 99. Kc3 Ka3 100. Bh5 Bd4+ 101. Kc4 Kb2 102. b6 a4 103. b7 Ba7 0-1

[Event "FIDE Grand Swiss 2021"]
[Site "Riga"]
[Date "27.10.2021"]
[Round "1"]
[White "Abdusattorov, Nodirbek"]
[Black "Kuybokarov, Temur"]
[Result "1/2-1/2"]
[WhiteElo "2646"]
[BlackElo "2549"]
[EventDate "2021"]

1. c4 e5 2. Nc3 Nc6 3. Nf3 f5 4. g3 Nf6 5. d4 e4 6. Nh4 Bb4 7. Nxf5 d5 8.
Ne3 dxc4 9. d5 Bxc3+ 10. bxc3 Ne7 11. Qa4+ Kf7 12. Qxc4 Nexd5 13. Qb3 Be6
14. c4 Nxe3 15. Bxe3 Qd7 16. Bg2 a6 17. Qc3 Bh3 18. O-O Rad8 19. Rab1 b6
20. c5 b5 21. c6 Qe6 22. Qa5 Bxg2 23. Kxg2 Nd5 24. Qxa6 b4 25. Rbd1 Rd6 26.
Qa5 Rc8 27. Rd4 Qf5 28. Kg1 Kg6 29. Qa6 Rf8 30. Rc1 Re6 31. g4 Qxg4+ 32.
Kh1 Nxe3 33. Rg1 Rxf2 34. Rxg4+ Nxg4 35. Rd1 Ref6 36. Qc8 h5 37. Qxc7 Rxe2
38. Rd6 Nf2+ 39. Kg2 Ng4+ 40. Kg3 Re3+ 41. Kg2 Re2+ 42. Kg3 Re3+ 43. Kg2
Re2+ 44. Kg3 Re3+ 1/2-1/2

[Event "FIDE Grand Swiss 2021"]
[Site "Riga"]
[Date "27.10.2021"]
[Round "1"]
[White "Van Foreest, Lucas"]
[Black "Tari, Aryan"]
[Result "1/2-1/2"]
[WhiteElo "2543"]
[BlackElo "2646"]
[EventDate "2021"]

1. d4 Nf6 2. c4 e6 3. Nc3 Bb4 4. Qc2 d5 5. cxd5 Qxd5 6. e3 c5 7. Bd2 Bxc3
8. bxc3 O-O 9. Nf3 Nc6 10. Be2 cxd4 11. cxd4 b6 12. Bd3 Qd6 13. O-O Bb7 14.
Qb2 Qd5 15. Qb3 Ne4 16. Qxd5 exd5 17. Rab1 Nxd2 18. Nxd2 g6 19. Rfc1 Rfc8
20. Rc3 Kf8 21. Rbc1 Ke7 22. f3 Kd6 23. Kf2 Nb4 24. Bb1 Rxc3 25. Rxc3 Rc8
26. Rxc8 Bxc8 27. e4 f6 28. Ke3 Be6 29. a3 Na6 30. h4 Nc7 31. Bd3 Bf7 32.
Nb1 1/2-1/2

[Event "FIDE Grand Swiss 2021"]
[Site "Riga"]
[Date "27.10.2021"]
[Round "1"]
[White "Saric, Ivan"]
[Black "Suleymanli, Aydin"]
[Result "1-0"]
[WhiteElo "2644"]
[BlackElo "2541"]
[EventDate "2021"]

1. e4 c6 2. Nf3 d5 3. Nc3 Bg4 4. h3 Bxf3 5. Qxf3 e6 6. Be2 Nf6 7. O-O Be7
8. d3 d4 9. Nb1 Qc7 10. a4 Nbd7 11. c3 Nc5 12. Nd2 Rd8 13. Nc4 b5 14. Bf4
Qb7 15. axb5 cxb5 16. Na5 Qb6 17. Qg3 Na4 18. Bc7 Qa6 19. e5 Nd5 20. Bxd8
Bxd8 21. c4 Ne7 22. Nb3 Nf5 23. Qf4 Qb6 24. cxb5 Nc5 25. Nxc5 Qxc5 26. Bg4
Ne7 27. Rfc1 Qxb5 28. Qxd4 O-O 29. Qd6 Ng6 30. Bh5 Bb6 31. Bxg6 hxg6 32. d4
Qxb2 33. Rd1 Rd8 34. Qe7 Qb3 35. Rac1 Qa4 36. Rd3 Re8 37. Qh4 Rd8 38. Rcd1
Rd5 39. Qe7 Rd8 40. g3 Qc6 41. Qh4 a5 42. Qf4 a4 43. Qd2 Rd5 44. Qb4 Ba5
45. Qa3 Bb6 46. Rc1 Qd7 47. Rb1 Bc5 48. Rb8+ Kh7 49. Qc1 Ba7 50. Ra8 Qb7
51. Qc8 Qxc8 52. Rxc8 Bxd4 53. Kg2 g5 54. Ra8 Bxe5 55. Rxd5 exd5 56. Rxa4
f6 57. Ra5 d4 58. Kf3 Bc7 59. Rb5 Kh6 60. Ke4 Be5 61. Rb7 Kh7 62. Rd7 Kg6
63. g4 Bf4 64. Rxd4 Bc1 65. Ra4 Bd2 66. Kd5 Kf7 67. Kd6 Be1 68. f3 Bf2 69.
Rc4 Bg3+ 70. Kd7 Bf2 71. Rc7 Bb6 72. Rb7 Be3 73. Kd8+ Kg6 74. Ke7 Bc5+ 75.
Ke6 Ba3 76. Rb5 Bc1 77. Rb3 Bf4 78. Rd3 Bg3 79. Ke7 f5 80. Re3 fxg4 81.
hxg4 1-0